000 01253cam a22003617a 4500
003 CHAP
005 20220329141847.0
008 980313d1997 mx r 00110 spa d
010 _a74925
011 _a75897
035 _a85470
040 _cCHAP
090 _aTesis
100 0 0 _aRamos Aguilar, Carlos.
_994383
245 1 0 _aProducción de germinados de frijol mungo (Vigna radiata L. Wilczek) y calabaza pipiana (Cucurbita argyrosperma)
_c/por Carlos Ramos Aguilar
260 _aChapingo, Méx. :
_bEl autor,
_c1997.
300 _a62 h. :
_bcuadros
502 _aTesis (Ing. Agr. Esp. en Fitotecnia) -- UACH. Departamento de Fitotecnia
590 _aALEPH
_b10
_c20130110
_lUCH01
_h1422
590 _aBATCH-UPD
_b10
_c20130110
_lUCH01
_h0436
590 _aBATCH-UPD
_b10
_c20130110
_lUCH01
_h2327
590 _aCONVERSION
_b10
_c20130109
_lUCH01
_h1341
650 1 4 _aCalabaza
_xGerminados.
_917276
650 1 4 _aCalabaza
_xSemilla.
_917296
650 1 4 _aFrijol
_xGerminados.
_943386
650 1 4 _aFrijol
_xSemilla.
_943433
650 1 4 _aPhaseolus mungo.
_987774
901 _aBK
905 _aLilia Sánchez G.
942 _cFOLL
949 _bBC
_cTES
_d33724000629499
_eTS2
_fc.2
_h32393
_i85470
_si
949 _bBC
_cTES
_d854701
_eTS1
_h32392
_i85470
_sb
999 _c74925
_d74925